Translate Country Names from Turkish to English - Statistics

General Stats
  • This quiz has been taken 104 times
  • The average score is 12 of 17
Answer Stats
Hint Answer % Correct
Hollanda Netherlands
95%
Almanya Germany
89%
Çin China
88%
İzlanda Iceland
87%
Mısır Egypt
86%
Lübnan Lebanon
84%
Yunanistan Greece
82%
Arjantin Argentina
80%
Gürcistan Georgia
71%
Letonya Latvia
71%
Fas Morocco
71%
İsveç Sweden
65%
İsviçre Switzerland
64%
Macaristan Hungary
61%
Ürdün Jordan
54%
Karadağ Montenegro
50%
Fildişi Sahilleri Ivory Coast
36%
No matching quizzes found
Score Distribution
Percent of People with Each Score
Percentile by Number Answered
Your Score History
You have not taken this quiz